书目信息 |
| 题名: |
跟孩子好好谈谈钱
|
|
| 作者: | 曹振焕 著 ;郭舜豪 译 | |
| 分册: | ||
| 出版信息: | 北京 北京理工大学出版社 2014 |
|
| 页数: | 218页 | |
| 开本: | 24cm | |
| 丛书名: | ||
| 单 册: | ||
| 中图分类: | G78 , TS976.15-49 | |
| 科图分类: | ||
| 主题词: | 家庭经济学--儿童教育--家庭教育 | |
| 电子资源: | ||
| ISBN: | 978-7-5640-9077-7 | |
| 000 | 00718nam0 2200241 450 | |
| 001 | 012001004101 | |
| 005 | 20130128083623.0 | |
| 010 | @a978-7-5640-9077-7@dCNY32.00 | |
| 100 | @a20140918d2014 em y0chiy0110 ea | |
| 101 | 1 | @achi@ckor |
| 102 | @aCN@b110000 | |
| 105 | @aak z 000yy | |
| 106 | @ar | |
| 200 | 1 | @a跟孩子好好谈谈钱@9gen hai zi hao hao tan tan qian@f(韩)曹振焕著@g郭舜豪译 |
| 210 | @a北京@c北京理工大学出版社@d2014 | |
| 215 | @a218页@c图,表@d24cm | |
| 606 | 0 | @a家庭经济学@x儿童教育@x家庭教育 |
| 690 | @aG78@v5 | |
| 690 | @aTS976.15-49@v5 | |
| 701 | 0 | @c(韩)@a曹振焕@9cao zhen huan@4著 |
| 702 | 0 | @a郭舜豪@9guo shun hao@4译 |
| 801 | 0 | @aCN@b江苏凤凰@c20191020 |
| 905 | @b1219412-5@dG78@e1078@f4 | |
| 跟孩子好好谈谈钱/(韩)曹振焕著/郭舜豪译.-北京:北京理工大学出版社,2014 |
| 218页:图,表;24cm |
| ISBN 978-7-5640-9077-7:CNY32.00 |
| ● |
| 相关链接 |
|
|
|
|
正题名:跟孩子好好谈谈钱
索取号:G78/1078
 
预约/预借
| 序号 | 登录号 | 条形码 | 馆藏地/架位号 | 状态 | 备注 |
| 1 | 1219412 | 212194123 | 第一样本阅览室/ [索取号:G78/1078] | 在馆 | |
| 2 | 1219413 | 212194132 | 教育系资料室/ [索取号:G78/1078] | 在馆 | |
| 3 | 1219414 | 212194141 | 教育系资料室/ [索取号:G78/1078] | 在馆 | |
| 4 | 1219415 | 212194150 | 第四借阅区/ [索取号:G78/1078] | 在馆 |